000 00298nam a2200121Ia 4500
999 _c14016
_d14016
008 260210s9999 xx 000 0 und d
020 _a9788957709153
082 _a720.956 MAT
100 _aArchiworld
245 0 _aMiddle East 100 Architecture, Vol. 2
260 _bArchiworld
942 _cPG
_2ddc